Against all England (Record no. 142755)
[ view plain ]
| 000 -LEADER | |
|---|---|
| fixed length control field | 02035nam a22003854a 4500 |
| 082 04 - DEWEY DECIMAL CLASSIFICATION NUMBER | |
| Classification number | 820.9/94271 |
| 100 1# - MAIN ENTRY--AUTHOR NAME | |
| Personal name | Barrett, Robert W., |
| 245 10 - TITLE STATEMENT | |
| Title | Against all England |
| 260 ## - PUBLICATION, DISTRIBUTION, ETC. (IMPRINT) | |
| Place of publication | Notre Dame, Ind. : |
| Name of publisher | University of Notre Dame Press, |
| Year of publication | 2009. |
| 300 ## - PHYSICAL DESCRIPTION | |
| Number of Pages | xv, 306 p. : |
| Other physical details | ill., maps. |
| 490 1# - SERIES STATEMENT | |
| Series statement | ReFormations |
| 505 0# - FORMATTED CONTENTS NOTE | |
| Formatted contents note | From cloister to corporation: imagining Chester in benedictine encomium and saint's life -- Grounds of grace: mobile meaning and processional performance in the Chester Whitsun plays -- Chester's triumph: absence and authority in seventeenth-century civic ceremonial -- Heraldic devices/chivalric divisions: Sir Gawain and the green knight and the Scrope-Grosvenor trial -- Two shires against all England: regional honor and tudor ambition in the Stanley family romances. |
| 650 #0 - SUBJECT ADDED ENTRY--TOPICAL TERM | |
| Topical Term | English literature |
| Topical Term | Literature and society |
| 856 40 - ELECTRONIC LOCATION AND ACCESS | |
| Uniform Resource Identifier | http://site.ebrary.com/lib/rucke/Doc?id=10425455 |
No items available.
